| 000 | 01001njm a22002657a 4500 | ||
|---|---|---|---|
| 005 | 20100906114921.0 | ||
| 007 | sd ammalaaahaa | ||
| 008 | 100901t xxu||||| |||| 00| 0 hin d | ||
| 028 |
_aN.53538 _bHis Master's Voice |
||
| 028 |
_aOJE.16570 _bHis Master's Voice |
||
| 035 | _aGR-732 | ||
| 040 | _aSED/VEN | ||
| 100 |
_917815 _aGeeta Dutt |
||
| 245 |
_aRoom no.17 / _cby Geeta Dutt [and] Balbir : music by Bulo C. Rani _h[sound recording] : _bHindustani |
||
| 246 | _aरूम नो.१७ (गीता दत्त [एंड] बलबीर) | ||
| 260 |
_aDum Dum, India _bHis Master's Voice |
||
| 300 |
_a1 sound disc : _banalog, 33 1/3 rpm _c10 in. |
||
| 500 | G | _aBrief record | |
| 505 | _aNazar nazar se part 1 & 2 (नज़र नज़र से) पार्ट १ & 2 | ||
| 650 |
_aClassical music _xExcerpts _zIndia _917813 |
||
| 700 |
_918219 _aBalbir |
||
| 700 | _918220 | ||
| 942 |
_2ddc _cGR |
||
| 999 |
_c43929 _d43929 |
||